000 00488nam a2200157 a 4500
001 000037955
005 20201002031137.0
008 130311s2005 dr 000 0 spa d
040 _aDO-SdBNP
_bspa
_cBNPHU
100 1 _aFarias, Félix
_964367
245 1 3 _aEl jefe :
_bnovela /
_cFélix Farias.
260 _aSanto Domingo :
_bArtes Gráficas,
_c2005.
300 _a500 p. ;
_c23 cm.
500 _aIncluye datos biográficos del autor en la contracubierta
590 _aInventariado, 2019/VM
999 _c37445
_d37445